| 000 | 00629nam a22001817a 4500 | ||
|---|---|---|---|
| 999 |
_c63329 _d63329 |
||
| 005 | 20250916163423.0 | ||
| 008 | 250916s2007 gw ||||| |||| 00| 0 goh d | ||
| 020 | _a9783423033497 | ||
| 041 | _agoh | ||
| 080 | _a821.112.09 L-51 | ||
| 100 |
_a Leiß, Ingo _925826 |
||
| 245 |
_aDeutsche Literaturgeschichte : _bBand 9. Weimarer Republik 1918-1933 / _cIngo Leiß, Hermann Stadler. |
||
| 264 |
_aMünchen : _bDeutscher Taschenbuch-Verlag, _c2007. |
||
| 300 |
_a416 p.; _b19 cm. |
||
| 653 | _aგერმანული ლიტერატურა | ||
| 700 |
_aStadler, Hermann _eავტორი _925827 |
||
| 942 |
_2udc _cBK |
||